|
003 -Nazwa inst., której nr kontr. jest w polu 001 [,]
|
-
- @
- Nazwa instytucji, której n kontrolny jest w polu 001
- NUKAT
|
|
005 -DATA I CZAS OSTATNIEJ MODYFIKACJI [,]
|
-
- @
- pole kontrolne
- 20250911013037.0
|
|
020 -Międzynarod. znormalizowany nr książki - ISBN [ , ]
|
-
- a
- Numer ISBN
- 9788382230130
|
|
040 -Instytucja sporządzająca opis [ , ]
|
-
- a
- Instytucja, która sporządziła opis (NP)
- WR U/PAd
-
- b
- Język katalogowania
- pol
-
- e
- Zasady katalogowania
- rda
-
- c
- Instytucja, która sporządziła rekord (NP)
- WR U/ml
-
- d
- Instytucja, która zmodyfikowała rekord (P)
- WR U/ap
-
- d
- Instytucja, która zmodyfikowała rekord (P)
- GD U/Doros
-
- d
- Instytucja, która zmodyfikowała rekord (P)
- WR U/ass
-
- d
- Instytucja, która zmodyfikowała rekord (P)
- WA 14/MBs
|
|
942 -Rodzaj dokumentu [ , ]
|
-
- c
- Rodzaj dokumentu
- Książka
|
|
245 -Strefa tytułu i oznaczenia odpowiedzialności [0,0]
|
-
- a
- Tytuł
- Karuzele i inne oszustwa podatkowe :
-
- b
- Ciąg dalszy tytułu (NP)
- metody przeciwdziałania unikaniu opodatkowania /
-
- c
- Pozostałe elementy strefy tytułu i oznaczenia odpowiedzialności (NP)
- redakcja naukowa Irena Ożóg, Jan Rudowski ; Radosław Bulejak, Dagmara Dominik-Ogińska, Anna Hornowska, Anna Karczewska, Wojciech Kotowski, Michał Majczyna, Jacek Matarewicz, Irena Ożóg, Katatrzyna Piątkowska-Zagiczek, Bartłomiej Senderowski, Beata Sobocha, Krystyna Szydłowska.
|
|
250 -Strefa wydania [ , ]
|
-
- a
- Oznaczenie wydania (NP)
- Stan prawny na 15 października 2020 r.
|
|
260 -Strefa adresu wydawniczego [ , ]
|
-
- a
- Miejsce wydania (P)
- Warszawa :
-
- b
- Nazwa wydawcy (P)
- Wolters Kluwer,
-
|
|
300 -Strefa opisu fizycznego [ , ]
|
-
- a
- Określenie formy książki i/lub objętość (NP)
- 574 strony ;
-
|
|
336 -Typ zawartości [ , ]
|
-
- a
- Termin opisujący typ zawartości
- Tekst
-
- b
- Kod określający zawartość
- txt
-
- 2
- Źródło (terminu i kodu)
- rdacontent
|
|
337 -Typ mediów [ , ]
|
-
- a
- Tryb odtwarzania
- Bez urządzenia pośredniczącego
-
-
- 2
- Źródło (terminu i kodu)
- rdamedia
|
|
338 -Typ/rodzaj nośnika [ , ]
|
-
- a
- Hasło opisujące typ nośnika
- Wolumin
-
-
- 2
- Źródło (terminu i kodu)
- rdacarrier
|
|
380 -Deskryptor - Forma dzieła (P) [ , ]
|
-
- a
- forma dzieła (NP)
- Książki
|
|
380 -Deskryptor - Forma dzieła (P) [ , ]
|
-
- a
- forma dzieła (NP)
- Publikacje fachowe
|
|
380 -Deskryptor - Forma dzieła (P) [ , ]
|
-
- a
- forma dzieła (NP)
- Publikacje naukowe
|
|
385 -Deskryptor - grupa odbiorców (P) [ , ]
|
-
- a
- termin określający odbiorcę (P)
- Doradcy podatkowi
|
|
385 -Deskryptor - grupa odbiorców (P) [ , ]
|
-
- a
- termin określający odbiorcę (P)
- Dyrektorzy finansowi
|
|
385 -Deskryptor - grupa odbiorców (P) [ , ]
|
-
- a
- termin określający odbiorcę (P)
- Ekonomiści i ekonomistki
|
|
385 -Deskryptor - grupa odbiorców (P) [ , ]
|
-
- a
- termin określający odbiorcę (P)
- Główne księgowe i główni księgowi
|
|
385 -Deskryptor - grupa odbiorców (P) [ , ]
|
-
- a
- termin określający odbiorcę (P)
- Menedżerowie i menedżerki
|
|
385 -Deskryptor - grupa odbiorców (P) [ , ]
|
-
- a
- termin określający odbiorcę (P)
- Prawnicy i prawniczki
|
|
385 -Deskryptor - grupa odbiorców (P) [ , ]
|
-
- a
- termin określający odbiorcę (P)
- Urzędniczki i urzędnicy
|
|
388 -Deskryptor - czas powstania dzieła (P) [1, ]
|
-
- a
- Czas powstania dzieła (NP)
- 2001-
|
|
648 -Hasło przedmiotowe - chronologia [ ,7]
|
-
- a
- Deskryptor chronologiczny
- 2001-
-
-
|
|
650 -Hasło przedmiotowe [ ,7]
|
-
- a
- Hasło przedmiotowe
- Oszustwo podatkowe.
-
-
|
|
650 -Hasło przedmiotowe [ ,7]
|
-
- a
- Hasło przedmiotowe
- Podatek od wartości dodanej
-
- x
- Określnik rzeczowy
- prawo
-
- z
- Określnik geograficzny
- Polska
-
- y
- Określnik chronologiczny
- 1990-.
-
-
|
|
650 -Hasło przedmiotowe [ ,7]
|
-
- a
- Hasło przedmiotowe
- Prawo podatkowe
-
- x
- Określnik rzeczowy
- przepisy karne
-
- z
- Określnik geograficzny
- Polska
-
- y
- Określnik chronologiczny
- 1990-.
-
-
|
|
650 -Hasło przedmiotowe [ ,7]
|
-
- a
- Hasło przedmiotowe
- Karuzela podatkowa
-
|
|
650 -Hasło przedmiotowe [ ,7]
|
-
- a
- Hasło przedmiotowe
- Prawo podatkowe
-
-
|
|
650 -Hasło przedmiotowe [ ,7]
|
-
- a
- Hasło przedmiotowe
- Przestępstwa i wykroczenia skarbowe
-
-
|
|
650 -Hasło przedmiotowe [ ,7]
|
-
- a
- Hasło przedmiotowe
- Unikanie opodatkowania
-
|
|
651 -Hasło przedmiotowe w formie nazwy geograficznej [ ,7]
|
-
- a
- Nazwa geograficzna
- Polska
-
-
|
|
655 -Hasło w funkcji tematu formalnego [ ,7]
|
-
-
-
|
|
655 -Hasło w funkcji tematu formalnego [ ,7]
|
-
-
-
|
|
658 -Ujęcie treści [ , ]
|
-
- a
- dziedzina nauki i sztuki/ sfera aktywności życiowej
- Gospodarka, ekonomia, finanse
|
|
658 -Ujęcie treści [ , ]
|
-
- a
- dziedzina nauki i sztuki/ sfera aktywności życiowej
- Prawo i wymiar sprawiedliwości
|
|
700 -Hasło dodatkowe - nazwa osobowa [1, ]
|
-
- a
- Nazwa osobowa (NP)
- Ożóg, Irena
-
- d
- Daty biograficzne (NP)
- (1953- ).
-
- e
- Określenie rodzaju współpracy
- Redakcja
-
- e
- Określenie rodzaju współpracy
- Autor
-
|
|
700 -Hasło dodatkowe - nazwa osobowa [1, ]
|
-
- a
- Nazwa osobowa (NP)
- Matarewicz, Jacek.
-
- e
- Określenie rodzaju współpracy
- Autor
-
|
|
700 -Hasło dodatkowe - nazwa osobowa [1, ]
|
-
- a
- Nazwa osobowa (NP)
- Sobocha-Holc, Beata
-
- d
- Daty biograficzne (NP)
- (1967- ).
-
- e
- Określenie rodzaju współpracy
- Autor
-
- e
- Określenie rodzaju współpracy
- Autor
-
|
|
700 -Hasło dodatkowe - nazwa osobowa [1, ]
|
-
- a
- Nazwa osobowa (NP)
- Rudowski, Jan
-
- c
- Dopowiedzenie inne niż daty biograficzne (NP)
- (prawo).
-
- e
- Określenie rodzaju współpracy
- Redakcja
-
|
|
700 -Hasło dodatkowe - nazwa osobowa [1, ]
|
-
- a
- Nazwa osobowa (NP)
- Bulejak, Radosław.
-
- e
- Określenie rodzaju współpracy
- Autor
-
|
|
700 -Hasło dodatkowe - nazwa osobowa [1, ]
|
-
- a
- Nazwa osobowa (NP)
- Dominik-Ogińska, Dagmara.
-
- e
- Określenie rodzaju współpracy
- Autor
-
|
|
700 -Hasło dodatkowe - nazwa osobowa [1, ]
|
-
- a
- Nazwa osobowa (NP)
- Hornowska, Anna.
-
- e
- Określenie rodzaju współpracy
- Autor
-
|
|
700 -Hasło dodatkowe - nazwa osobowa [1, ]
|
-
- a
- Nazwa osobowa (NP)
- Karczewska, Anna
-
- c
- Dopowiedzenie inne niż daty biograficzne (NP)
- (prawo).
-
- e
- Określenie rodzaju współpracy
- Autor
-
|
|
700 -Hasło dodatkowe - nazwa osobowa [1, ]
|
-
- a
- Nazwa osobowa (NP)
- Majczyna, Michał.
-
- e
- Określenie rodzaju współpracy
- Autor
-
|
|
700 -Hasło dodatkowe - nazwa osobowa [1, ]
|
-
- a
- Nazwa osobowa (NP)
- Piątkowska-Zagiczek, Katarzyna.
-
- e
- Określenie rodzaju współpracy
- Autor
-
|
|
700 -Hasło dodatkowe - nazwa osobowa [1, ]
|
-
- a
- Nazwa osobowa (NP)
- Kotowski, Wojciech
-
- c
- Dopowiedzenie inne niż daty biograficzne (NP)
- (doradca podatkowy).
-
- e
- Określenie rodzaju współpracy
- Autor
-
|
|
700 -Hasło dodatkowe - nazwa osobowa [1, ]
|
-
- a
- Nazwa osobowa (NP)
- Senderowski, Bartłomiej.
-
- e
- Określenie rodzaju współpracy
- Autor
-
|
|
700 -Hasło dodatkowe - nazwa osobowa [1, ]
|
-
- a
- Nazwa osobowa (NP)
- Szydłowska, Krystyna.
-
- e
- Określenie rodzaju współpracy
- Autor
-
|
|
710 -Hasło dodatkowe - nazwa ciała zbiorowego [2, ]
|
-
- a
- Nazwa ciała zbiorowego lub nazwa geograficzna jako pierwszy element (NP)
- Wolters Kluwer Polska.
-
- e
- Rodzaj współpracy
- Wydawca
-
-
|